000 005870000a22001810004500
003 MACL
005 20160527124350.0
008 160527b xxu||||| |||| 00| 0 eng d
040 _aMACL
_cMACL
041 _aHindi
082 _a891.433
100 _aनौटियाल, विघासागर
_960100
245 _aयमुना के बागी बेटे
_cविघासागर नौटियाल
260 _bसामयिक प्रकाशन
_c2006
_aदिल्‍ली
350 _a150
650 _aNovel
_960101
942 _cHIN
_k800/NAU/N
_2ddc
999 _c11524
_d11524